صفوة العصر في تاريخ ورسوم مشاهير رجال مصر من عهد ساكن الجنان محمد علي باشا الكبير : (Record no. 25908)

MARC details
000 -الفاتح
حقل البيانات ثابتة الطول 01837nam a2200325 i 4500
003 - محدد رقم الضبط
رقم الضبط EG-ScBUE
005 - وقت وتاريخ اخر تعامل مع التسجيلة
رقم الضبط 20231114120203.0
008 - عناصر البيانات ثابتة الطول - معلومات عامة
حقل البيانات ثابتة الطول 180109s2008 ua o f b 000 0cara d
040 ## - مصدر الفهرسة
وكالة الفهرسة الأصلية EG-ScBUE
لغة الفهرسة ara
قواعد الوصف rda
وكالة النسخ EG-ScBUE
وكالة التعديل EG-ScBUE
043 ## - رمز المنطقة الجغرافية
رمز المنطقة الجغرافية f-ua---
082 04 - رقم تصنيف ديوى العشرى
رقم التصنيف 923.1
رقم المادة ف هـ م
رقم الطبعة 22
100 1# - المدخل الرئيسى - إسم شخصى
الإسم الشخصى فهمي، زكي،
الدور مؤلف.
245 10 - بيان العنوان
العنوان صفوة العصر في تاريخ ورسوم مشاهير رجال مصر من عهد ساكن الجنان محمد علي باشا الكبير :
بقية العنوان ‪من عهد ساكن الجنان محمد علي باشا الكبير : متوجا برسم صاحب الجلالة فؤاد الأول ملك مصر والسودان وتاريخ ورسوم حضرات أصحاب السمو أمراء البيت الملكي وفي مقدمتهم رسم وتاريخ حضرة صاحب السمو الأمير الجليل عمر طوسون باشا /
بيان المسئوليه,etc لصاحبه وواضعه زكي فهمي.
264 #1 - النشر، التوزيع
مكان الناشر او الموزع القاهرة :
اسم الناشر او الموزع مكتبة مدبولي،
تاريخ النشر أو التوزيع 2008.
300 ## - الوصف المادى
التعداد 734 صفحة :
تفاصيل ماديه اخرى للوعاء صور ؛
أبعاد الوعاء 24 سم.
336 ## - نوع المحتوى
source rdacontent
Carrier Type Term نص
Content Type Code txt
337 ## - نوع الوسيط
Media Type Term بدون وسيط
source rdamedia
Media Type Code n
338 ## - نوع الحامل أو الناقل
Carrier Type Term مجلد
Carrier Type Code nc
source rdacarrier
490 0# - بيان السلسلة
عنوان السلسلة صفحات من تاريخ مصر ؛
رقم المجلد/ التعيين التسلسلي 23
504 ## - تبصرة ببليوجرافية
تبصرة ببليوجرافية,الخ يشتمل على إرجاعات ببليوجرافية.
600 07 - المدخل الاضافى بالموضوع-اسم شخصى
الإسم الشخصى محمد علي،
العنوان والكلمات الأخرى المصاحبة للاسم باشا،
التواريخ المصاحبة للاسم 1849-1769
التقسيم الفرعي الشكلي صور ولوحات.
مصدر الرأس أو المصطلح BUEsh
600 07 - المدخل الاضافى بالموضوع-اسم شخصى
الإسم الشخصى فؤاد الأول،
العنوان والكلمات الأخرى المصاحبة للاسم ملك مصر،
التواريخ المصاحبة للاسم 1936-1868
التقسيم الفرعي الشكلي صور ولوحات.
مصدر الرأس أو المصطلح BUEsh
600 17 - المدخل الاضافى بالموضوع-اسم شخصى
الإسم الشخصى طوسون، عمر،
العنوان والكلمات الأخرى المصاحبة للاسم الأمير،
التواريخ المصاحبة للاسم 1944-1872
التقسيم الفرعي الشكلي صور ولوحات.
مصدر الرأس أو المصطلح BUEsh
650 ## - المدخل الاضافى بالموضوع-مصطلح موضوعى
مصدر الرأس أو المصطلح BUEsh
651 #7 - المدخل الاضافى بالموضوع - اسم جغرافى
الاسم الجغرافي مصر
التقسيم الفرعي العام ملوك وحكام
التقسيم الفرعي الشكلي تراجم
-- أعمال مصورة.
مصدر الرأس أو المصطلح BUEsh
651 #7 - المدخل الاضافى بالموضوع - اسم جغرافى
الاسم الجغرافي مصر
التقسيم الفرعي العام تاريخ
التقسيم الفرعي الشكلي محمد علي، 1805-1849.
مصدر الرأس أو المصطلح BUEsh
653 ## - مصطلح تكشيفى غير مقيد
Resource For college Generalities
Arrived date list January2018
655 ## - مصطلح تكشيفى-نوع/شكل
التقسيم الفرعي الشكلي Reading book
942 ## - عناصر المدخل الإضافي( كوها)
مصدر التصنيف او مخطط الترفيف Dewey Decimal Classification
Holdings
حالة التراجع حالة الفقد مصدر التصنيف او خطة الترفيف حالة تلف ليس للاعارة مجموعات كوها المكان الدائم المكان الحالي موقع الترفيف تاريخ الاكتساب Source of acquisition تعداد مسلسل / التسلسل الزمني رقم الاستدعاء الباركود Date last seen نوع الوعاء
    Dewey Decimal Classification     Madboly Central Library Central Library Second Floor 09/01/2018 Purchase 04183 923.1 ف هـ م 000042809 15/07/2025 Book - Borrowing